00570nam a2200181 u 450000100100000000500170001000800410002702000150006804000250008308200200010810000370012824500490016526000620021430000200027650000410029665000240033765000270036100000203620240412074159.0090630s2005 dr r 000 0 spa d a9993494682 aDO-SdBNPbspacBNPHU aRD861.44bL864a1 aLópez Cabral, Dionisio,d1956-10aAlegoría vital /cDionisio López Cabral. aSan Francisco de Macorís :bÁngeles de Fierro,c2005. a74 p. ;c19 cm. aIncluye datos biográficos de autor 0aPoesía dominicana 0aLiteratura dominicana.